000 00471nam a2200181Ia 4500
008 240925s9999 xx 000 0 und d
020 _a8131708691
082 _a621.3815324 HAY
100 _aHaykin, Simon
245 0 _aAdaptive Filter Theory
250 _a4th
260 _aNew Delhi:
_bPearson Printice Hall
_c,2002.
300 _axiii,841p.
_bN.A
_fPirated
500 _aIncludes Index
600 _aEngineering Technology
650 _aTechnology
942 _cBK
999 _c10511
_d10511